| 000 | 004200000a22001690004500 | ||
|---|---|---|---|
| 003 | MACL | ||
| 005 | 20151222171857.0 | ||
| 008 | 151222b xxu||||| |||| 00| 0 eng d | ||
| 040 |
_aMACL _cMACL |
||
| 041 | _aEnglish | ||
| 082 | _a700/SWA | ||
| 100 |
_aSwarup, Shanti _97267 |
||
| 245 | _aThe Arts and Crafts of India and Pakistan | ||
| 260 |
_bTaraporevala _c1957 |
||
| 650 |
_aArts _922282 |
||
| 942 |
_cBK _k700/SWA _2ddc |
||
| 999 |
_c39649 _d39649 |
||